| 000 | 00352nam a2200133Ia 4500 | ||
|---|---|---|---|
| 008 | 240624s9999 xx 000 0 und d | ||
| 041 | _aeng | ||
| 082 | _a657 MON | ||
| 100 | _aMONGER ROD | ||
| 245 | _aFINANCIAL ACCOUNTING A GLOBAL APPROACH | ||
| 260 |
_c2010 _aNew Jersey _bJohn Wiley and Sons |
||
| 300 | _axvi, : 784 : p. : cm. ; 23 | ||
| 365 |
_c _b20 |
||
| 999 |
_c16070 _d16070 |
||